Southville International School and Colleges
Your cart is empty.
  • Cart
  • Lists
    Public lists Eva Luna New books Lux_list list_1
    Your lists Log in to create your own lists
  • Log in to your account
  • Your cookies
  • Search history
Southville International School and Colleges
  • Advanced search
  • Recent comments
  • Most popular
  • Libraries

Log in to your account

Log in with GOOGLE


If you do not have an external account, but do have a local account, you can still log in:

  1. Home
  2. MARC view: Aging :
Normal view MARC view ISBD view

Aging : (Record no. 551)

[ view plain ]
MARC details
000 -LEADER
fixed length control field 01404pam a2200361 a 4500
001 - CONTROL NUMBER
control field 1370820
003 - CONTROL NUMBER IDENTIFIER
control field OSt
005 - DATE AND TIME OF LATEST TRANSACTION
control field 20140310181632.0
008 - FIXED-LENGTH DATA ELEMENTS--GENERAL INFORMATION
fixed length control field 810721s1981 nyu b 001 0 eng
010 ## - LIBRARY OF CONGRESS CONTROL NUMBER
LC control number 81012804
020 ## - INTERNATIONAL STANDARD BOOK NUMBER
International Standard Book Number 0120400030
020 ## - INTERNATIONAL STANDARD BOOK NUMBER
International Standard Book Number 0120400235 (pbk.)
040 ## - CATALOGING SOURCE
Original cataloging agency DLC
Transcribing agency DLC
Modifying agency DLC
043 ## - GEOGRAPHIC AREA CODE
Geographic area code n-us---
050 00 - LIBRARY OF CONGRESS CALL NUMBER
Classification number HQ 1064
Item number .F655 1981
082 00 - DEWEY DECIMAL CLASSIFICATION NUMBER
Classification number TR 305.26
Item number P47 1981
245 00 - TITLE STATEMENT
Title Aging :
Statement of responsibility, etc edited by Robert W. Fogel ... [et al.] ; James G. March, editor-in-chief.
Remainder of title stability and change in the family /
260 ## - PUBLICATION, DISTRIBUTION, ETC. (IMPRINT)
Place of publication, distribution, etc New York :
Name of publisher, distributor, etc Academic Press,
Date of publication, distribution, etc 1981.
300 ## - PHYSICAL DESCRIPTION
Extent xx, 341 p. ;
Dimensions 24 cm.
500 ## - GENERAL NOTE
General note Includes bibliographies and index
520 ## - SUMMARY, ETC.
Summary, etc 1. Aged--United States--Family relationship--Congresses 2. Aged--Government policy--United States--Congresses 3. Aged--Unites States--Sexual behavior--Congresses
521 ## - TARGET AUDIENCE NOTE
Target audience note
541 ## - IMMEDIATE SOURCE OF ACQUISITION NOTE
-- 1
562 ## - COPY AND VERSION IDENTIFICATION NOTE
Number of copies For circulation. One copy is available in the collection
650 #0 - SUBJECT ADDED ENTRY--TOPICAL TERM
Topical term or geographic name as entry element Older people
General subdivision Family relationships
Geographic subdivision United States
Form subdivision Congresses.
650 #0 - SUBJECT ADDED ENTRY--TOPICAL TERM
Topical term or geographic name as entry element Older people
General subdivision Government policy
Geographic subdivision United States
Form subdivision Congresses.
650 #0 - SUBJECT ADDED ENTRY--TOPICAL TERM
Topical term or geographic name as entry element Older people
General subdivision Sexual behavior
Geographic subdivision United States
Form subdivision Congresses.
700 1# - ADDED ENTRY--PERSONAL NAME
Personal name Fogel, Robert William.
700 1# - ADDED ENTRY--PERSONAL NAME
Personal name March, James G.
740 0# - ADDED ENTRY--UNCONTROLLED RELATED/ANALYTICAL TITLE
Uncontrolled related/analytical title Stability and change in the family.
906 ## - LOCAL DATA ELEMENT F, LDF (RLIN)
a 7
b cbc
c orignew
d 1
e ocip
f 19
g y-gencatlg
942 ## - ADDED ENTRY ELEMENTS (KOHA)
Source of classification or shelving scheme Library of Congress Classification
Koha item type
Call number prefix
Holdings
Withdrawn status Lost status Source of classification or shelving scheme Damaged status Home library Current library Shelving location Date acquired Total Checkouts Full call number Barcode Date last seen Copy number Price effective from Koha item type
    Library of Congress Classification   Luxembourg Library Luxembourg Library Teachers Reference Section 03/10/2012   HQ 1064 .F655 1981 0133 08/13/2013 1 10/03/2013 Books

Aging :

APA

Fogel R. W., March J. G., . (1981). Aging. New York: Academic Press.

Chicago

Fogel Robert William, March James G, . 1981. Aging. New York: Academic Press.

Harvard

Fogel R. W., March J. G., . (1981). Aging. New York: Academic Press.

MLA

Fogel Robert William, March James G, . Aging. New York: Academic Press. 1981.

  • Place hold
  • Print
  • Cite
  • Add to your cart (remove)
  • Save record
    BIBTEX Dublin Core MARCXML MARC (non-Unicode/MARC-8) MARC (Unicode/UTF-8) MARC (Unicode/UTF-8, Standard) MODS (XML) RIS
  • More searches
    Search for this title in:
    Other Libraries (WorldCat) Other Databases (Google Scholar) Online Stores (Bookfinder.com) Open Library (openlibrary.org)

Exporting to Dublin Core...

SOUTHVILLE LIBRARY

Southville International School and Colleges Library

1281 Tropical Ave. Cor. Luxembourg St., BF Homes International, Las Pinas City

Tel. No. 8256374 / 252358 Loc. 117/146

Powered by Koha